| 000 | 00723nam a22001817a 4500 | ||
|---|---|---|---|
| 005 | 20120419155536.0 | ||
| 020 |
_c200.00 _a8170556376 |
||
| 035 | _aA-973083 | ||
| 037 |
_b _adpl |
||
| 082 | _a363.34 | ||
| 100 |
_aतोमर, आलोक _945444 |
||
| 245 | 1 |
_aएक हरा भरा अकाल / _cआलोक तोमर |
|
| 260 |
_aनई दिल्ली _bवाणी प्रकाशन _c1999 |
||
| 270 |
_a _b _e _k |
||
| 300 |
_a235पृ. _c22सेमी (सजिल्द) |
||
| 942 |
_adpl _cHN _k _2ddc _h363.34 _mतोमर |
||
| 999 |
_c65320 _d65320 |
||